Buenos Aires fantástica /
Guardado en:
| Otros Autores: | , |
|---|---|
| Formato: | Libro |
| Idioma: | Spanish |
| Publicado: |
La Plata ; Ediciones bonaerenses,
2021.
|
| Materias: | |
| Etiquetas: |
Agregar Etiqueta
Sin Etiquetas, Sea el primero en etiquetar este registro!
|
| LEADER | 00819nam a22002175a 4500 | ||
|---|---|---|---|
| 001 | EHU.bham050607 | ||
| 008 | 220505s2021####ag######s#####000#0#spa#d | ||
| 005 | 20220505101615.0 | ||
| 245 | 1 | 3 | |a Buenos Aires fantástica / |c Tiziano Szayner ... [et al.] ; ilustrado por Daniel Diteruggi. |
| 260 | |a La Plata ; |a Ediciones bonaerenses, |c 2021. | ||
| 300 | |a 96 p. | ||
| 500 | |a Concurso Buenos Aires Fantástica / Dirección General de Cultura y Educación de la Provincia de Buenos Aires. | ||
| 020 | |a 978 987 47647 5 1 | ||
| 700 | 1 | |a Ditteruggi, Daniel, ilust. | |
| 700 | 1 | |a Szayner, Tiziano. | |
| 082 | 0 | 4 | |a A868.5 B928 |
| 653 | |a Narrativa argentina-2000- | ||
| 653 | |a Cuento argentino-2000- | ||
| 653 | |a Literatura regional | ||
| 651 | 7 | |a Buenos Aires |x provincia | |
| 859 | |a AR-BHAM |b BIB. HUMANIDADES - General |h A868.5 |i B928 |p 99.22 | ||
